عرض عادي
عرض مارك
- Aho, Alfred V.
مدخل إسم شخص
001 - رقم الضبط
- حقل الضبط: 36682
003 - معرف رقم الضبط
- حقل الضبط: OSt
005 - تاريخ ووقت أخر عملية
- حقل الضبط: 20130821074130.0
008 - عناصر بيانات ثابتة الطول
- حقل تحكم ثابت الطول: 130821|||a|||||| | ||| d
040 ## - مصدر الفهرسة
- هيئة الفهرسة الأصلية: OSt
- وكالة الكتابة: OSt
100 ## - مدخل -- أسم شخص
- إسم شخص: Aho, Alfred V.
- عنوان العمل: Compilers, principles, techniques, and tools.
670 ## - بيانات المصدر موجوده
- الاستشهاد بالمصدر: Work cat.: (OSt)30514: Compilers :, c2007.
